| 000 | 01991nam a2200493 c 4500 | ||
|---|---|---|---|
| 001 | 51523 | ||
| 003 | ES-MaCES | ||
| 005 | 20220812141837.0 | ||
| 007 | cr ||||||||||| | ||
| 008 | 201014s2020 sp 000 ||spa | ||
| 017 |
_aM 1658-2020 _bDL |
||
| 020 | _a9788490904275 | ||
| 020 | _a9788490904282 (electrónico) | ||
| 040 |
_aES-MaCES _bspa _cES-MaCES |
||
| 100 | 1 |
_937654 _aGonzález Calvet, Jaume |
|
| 245 | 1 | 4 |
_aLas indemnizaciones por accidente de trabajo en base al nuevo baremo de tráfico _b: con doctrina, jurisprudencia y formularios _cJaume González Calvet |
| 250 | _a2ª ed | ||
| 260 |
_aLas Rozas (Madrid) _bWolters kluwer _c2020 |
||
| 300 |
_a359 p. _c24 cm |
||
| 500 | _aPublicación en formato DÚO (papel + libro ectrónico). Disponible en formato electrónico mediante la aplicación SMARTERCA | ||
| 500 | _aPrecede al tít.: Bosch | ||
| 504 | _aBibliografía: p. 353-359 | ||
| 541 | _cCompra | ||
| 610 | 1 | 7 |
_939010 _aEspaña _tLey de reforma del sistema para la valoración de los daños y perjuicios causados a las personas en accidentes de circulación _d2015 |
| 650 | 4 |
_aindemnización _930642 |
|
| 650 | 4 |
_aprestaciones por accidentes de trabajo _927037 |
|
| 650 | 4 |
_aaccidente de trabajo _928345 |
|
| 650 | 4 |
_aaccidente de trayecto _930246 |
|
| 650 | 4 |
_acirculación _928069 |
|
| 650 | 4 |
_atráfico por carretera _928067 |
|
| 650 | 4 |
_aresponsabilidad del empleador _930146 |
|
| 650 | 4 |
_aresponsabilidad civil _929046 |
|
| 650 | 4 |
_aderecho del trabajo _927165 |
|
| 650 | 4 |
_aderecho jurisprudencial _929863 |
|
| 650 | 4 |
_aEspaña _926964 |
|
| 650 | 4 |
_adoctrina jurídica _930888 |
|
| 650 | 4 |
_ajurisprudencia _928624 |
|
| 650 | 4 |
_aformulario _931568 |
|
| 653 | 1 | 0 | _aDerecho del trabajo y Seguridad Social |
| 775 | 0 |
_tLas indemnizaciones por accidente de trabajo en base al nuevo baremo de tráfico _w(ES-MaCES) 50625 |
|
| 856 | 4 |
_uhttps://tienda.wolterskluwer.es _ySMARTECA |
|
| 902 | _aLIB Libro | ||
| 942 |
_2CES _cBK _h6.0.1. |
||
| 999 |
_c51523 _d51523 |
||